000 00673nam a22002057a 4500
005 20141110125626.0
010 _aENG-111147
020 _c70.00
_a9788123771816
020 _c70.00
_a8123771819
035 _aEN-94679
037 _bDBAD/PUB
082 _a881
245 _aSelect poems of Lakshminath Bezbaroa /
_cedited and translated by Krishna Dulal Barua
260 _aNew Delhi
_bNational Book Trust
_c2014
270 _bNew Delhi
_e110070
_aNehru Bhawan, 5 Institutional Area Phase-II,Vasant Kunj
300 _avii,56p. :
_c20cm(pbk)
_bill.
490 _aNorth East study series
700 _aBarua, Krishna Dulal
942 _2ddc
_cEN
_mSEL
_h881
999 _c89822
_d89822